We knew His power. (Record no. 5083)

000 -LEADER
fixed length control field 00600nam a2200193 a 4500
001 - CONTROL NUMBER
control field :::00002824$&:&@@
003 - CONTROL NUMBER IDENTIFIER
control field OkBaRHE
005 - DATE AND TIME OF LATEST TRANSACTION
control field 20000607103257.0
008 - FIXED-LENGTH DATA ELEMENTS--GENERAL INFORMATION
fixed length control field s1976 j 000 0 eng u
040 ## - CATALOGING SOURCE
Transcribing agency
100 1# - MAIN ENTRY--PERSONAL NAME
Personal name Jones, G. Curtis (George Curtis), 1911-
245 10 - TITLE STATEMENT
Title We knew His power.
260 ## - PUBLICATION, DISTRIBUTION, ETC. (IMPRINT)
Place of publication, distribution, etc Nashville, TN., :
Name of publisher, distributor, etc Abingdon
Date of publication, distribution, etc c1976
300 ## - PHYSICAL DESCRIPTION
Extent 128 p. ;
Dimensions 20 cm.
650 ## - SUBJECT ADDED ENTRY--TOPICAL TERM
Topical term or geographic name as entry element Bible New Testament Gospels
General subdivision Biography
650 ## - SUBJECT ADDED ENTRY--TOPICAL TERM
Topical term or geographic name as entry element Jesus Christ
General subdivision Biography
942 ## - ADDED ENTRY ELEMENTS (KOHA)
Source of classification or shelving scheme
Koha item type Books
Copies
Koha item type Copy number Price effective from Damaged status Date acquired Permanent Location Source of classification or shelving scheme Full call number Date last seen Not for loan Withdrawn status Barcode Lost status Shelving location
Books12010-04-14 2010-04-14RHEMA Bible Training College BS 2430 .J662018-03-16  2824 General Stacks